[Event "18. Obert Int. Sant Marti 2016"]
[Site "Barcelona ESP"]
[Date "2016.07.18"]
[Round "6.40"]
[White "Garcia Lopez, Nicolas"]
[Black "Hernando Rodrigo, Julio Antoni"]
[Result "0-1"]
[WhiteElo "2069"]
[BlackElo "2333"]
[PlyCount "166"]
[EventDate "2016.07.13"]
[EventType "swiss"]
[EventRounds "9"]
[EventCountry "ESP"]
[SourceTitle "Ajedrez en Madrid"]
[Source "lmi"]
[SourceDate "2016.07.13"]
[SourceVersion "1"]
[SourceVersionDate "2019.06.21"]
[SourceQuality "1"]

1. e4 e6 2. d4 d5 3. Bd3 dxe4 4. Bxe4 Nf6 5. Bf3 c5 6. Ne2 Nc6 7. Be3 e5 8.
Bxc6+ bxc6 9. dxe5 Qxd1+ 10. Kxd1 Ng4 11. Nd2 Nxe3+ 12. fxe3 Be7 13. Nf4 O-O
14. Ke2 f6 15. Nd3 Bg4+ 16. Ke1 Rae8 17. h3 Bc8 18. Rf1 fxe5 19. Rxf8+ Bxf8 20.
e4 c4 21. Nxc4 Ba6 22. Nd2 Rd8 23. Ke2 Rd4 24. Ke3 g6 25. Re1 Bh6+ 26. Ke2 c5
27. b3 c4 28. bxc4 Bxc4 29. Rb1 Bxa2 30. Rb8+ Bf8 31. Ra8 Rd7 32. Nxe5 Re7 33.
Nc6 Re6 34. Rxa7 Bd5 35. Nd4 Re8 36. Kd3 Ba8 37. c4 Bb4 38. N4b3 Bc6 39. Rc7
Ba4 40. Rb7 Rd8+ 41. Ke3 Bc3 42. Ra7 Bc6 43. Rc7 Ba4 44. c5 g5 45. c6 Be5 46.
Rd7 Bf4+ 47. Kd4 Rc8 48. Rd5 Bxc6 49. Rc5 Rd8+ 50. Kc3 Bb7 51. g3 Be3 52. Rc7
Bc8 53. h4 gxh4 54. gxh4 Bf4 55. Ra7 Be5+ 56. Kb4 Be6 57. Rb7 Bg3 58. Nf3 Bxb3
59. Kxb3 Rd3+ 60. Kc4 Rxf3 61. h5 Rf4 62. Kd5 Rh4 63. e5 Rxh5 64. Re7 Rg5 65.
Ke4 h5 66. e6 h4 67. Kf3 Rg6 68. Rb7 Bd6 69. Rd7 Rxe6 70. Kg2 Be7 71. Rd4 Kg7
72. Rg4+ Kh6 73. Kh1 Kh5 74. Rg1 Bg5 75. Rb1 Re2 76. Rg1 Be3 77. Rg8 Bg5 78.
Rg7 Kg4 79. Rg8 Ra2 80. Rg7 h3 81. Rg8 Ra5 82. Kh2 Kf3 83. Kxh3 Ra1 0-1

[Event "18. Obert Int. Sant Marti 2016"]
[Site "Barcelona ESP"]
[Date "2016.07.18"]
[Round "6.41"]
[White "Asensio Linan, Teodoro"]
[Black "Dalo, Hermes"]
[Result "1-0"]
[WhiteElo "2050"]
[BlackElo "2282"]
[PlyCount "43"]
[EventDate "2016.07.13"]
[EventType "swiss"]
[EventRounds "9"]
[EventCountry "ESP"]
[SourceTitle "Ajedrez en Madrid"]
[Source "lmi"]
[SourceDate "2016.07.13"]
[SourceVersion "1"]
[SourceVersionDate "2019.06.21"]
[SourceQuality "1"]

1. e4 c5 2. Nf3 e6 3. c4 Nc6 4. Be2 Bd6 5. Nc3 a6 6. d4 cxd4 7. Nxd4 Qc7 8. Be3
Nf6 9. Qd2 Bb4 10. Nxc6 bxc6 11. Bf3 Bb7 12. a3 Bxc3 13. Qxc3 c5 14. e5 Bxf3
15. exf6 Bxg2 16. fxg7 Rg8 17. Rg1 Qxh2 18. O-O-O d6 19. Qf6 Rd8 20. Bf4 Qh3
21. Rxd6 Rc8 22. Bg5 1-0

[Event "18. Obert Int. Sant Marti 2016"]
[Site "Barcelona ESP"]
[Date "2016.07.18"]
[Round "6.42"]
[White "Carrasco Rodriguez, Jesus"]
[Black "Rojas Fernandez, Andres"]
[Result "1/2-1/2"]
[WhiteElo "2202"]
[BlackElo "2009"]
[PlyCount "36"]
[EventDate "2016.07.13"]
[EventType "swiss"]
[EventRounds "9"]
[EventCountry "ESP"]
[SourceTitle "Ajedrez en Madrid"]
[Source "lmi"]
[SourceDate "2016.07.13"]
[SourceVersion "1"]
[SourceVersionDate "2019.06.21"]
[SourceQuality "1"]

1. e4 e6 2. d4 d5 3. Nc3 Nf6 4. e5 Nfd7 5. Qh5 c5 6. Nf3 g6 7. Qg5 h6 8. Qe3
Nc6 9. Nb5 cxd4 10. Nbxd4 Bg7 11. Bb5 Qc7 12. O-O O-O 13. Qc3 Ndxe5 14. Nxe5
Bxe5 15. Bxc6 bxc6 16. Bxh6 Re8 17. h3 Bd7 18. Qc5 Qb6 1/2-1/2

[Event "18. Obert Int. Sant Marti 2016"]
[Site "Barcelona ESP"]
[Date "2016.07.18"]
[Round "6.43"]
[White "Ivana Maria, Furtado"]
[Black "Marchador Villalba, Jordi"]
[Result "1-0"]
[WhiteElo "2188"]
[BlackElo "2024"]
[PlyCount "100"]
[EventDate "2016.07.13"]
[EventType "swiss"]
[EventRounds "9"]
[EventCountry "ESP"]
[SourceTitle "Ajedrez en Madrid"]
[Source "lmi"]
[SourceDate "2016.07.13"]
[SourceVersion "1"]
[SourceVersionDate "2019.06.21"]
[SourceQuality "1"]

1. d4 Nf6 2. Nc3 e6 3. e4 d5 4. e5 Nfd7 5. f4 c5 6. Nf3 Nc6 7. Be3 a6 8. Qd2 b5
9. Qf2 cxd4 10. Nxd4 Nxd4 11. Bxd4 Qc7 12. O-O-O Bc5 13. Bxc5 Nxc5 14. f5 b4
15. Nxd5 exd5 16. Rxd5 Ne4 17. Qf4 Nf6 18. Rd6 Nh5 19. Qf3 Bb7 20. Qxh5 Be4 21.
Qe2 Bxf5 22. g4 Be6 23. Bg2 Rc8 24. Bc6+ Qxc6 25. Rxc6 Rxc6 26. Rd1 O-O 27. Rd6
Rcc8 28. Qxa6 b3 29. axb3 Bxb3 30. Rc6 Be6 31. Rxc8 Rxc8 32. h3 h5 33. gxh5
Bxh3 34. c4 Be6 35. b3 Kh7 36. Qb7 Kh6 37. Qf3 Rc7 38. Kb2 Kg5 39. Qg3+ Kh6 40.
c5 Kxh5 41. b4 g5 42. c6 Ra7 43. b5 Ra2+ 44. Kb1 Ra4 45. Qh2+ Rh4 46. Qd2 Kg6
47. c7 g4 48. b6 Bf5+ 49. Qc2 Bxc2+ 50. Kxc2 Rh2+ 1-0

[Event "18. Obert Int. Sant Marti 2016"]
[Site "Barcelona ESP"]
[Date "2016.07.18"]
[Round "6.44"]
[White "Villar Reymundo, Juan Antonio"]
[Black "Castrillo Mansego, Pablo"]
[Result "1/2-1/2"]
[WhiteElo "2165"]
[BlackElo "2003"]
[PlyCount "63"]
[EventDate "2016.07.13"]
[EventType "swiss"]
[EventRounds "9"]
[EventCountry "ESP"]
[SourceTitle "Ajedrez en Madrid"]
[Source "lmi"]
[SourceDate "2016.07.13"]
[SourceVersion "1"]
[SourceVersionDate "2019.06.21"]
[SourceQuality "1"]

1. d4 g6 2. Nf3 Bg7 3. g3 Nf6 4. Bg2 d5 5. c4 c6 6. cxd5 cxd5 7. O-O O-O 8. Ne5
Nbd7 9. Nc3 e6 10. Nd3 Nb6 11. e3 Bd7 12. b3 a5 13. a4 Bc6 14. Bb2 Nbd7 15. Qe2
Qb6 16. Ba3 Rfe8 17. Rfb1 e5 18. dxe5 Ne4 19. Nd1 Nxe5 20. Nxe5 Bxe5 21. Bb2
Rad8 22. Bxe5 Rxe5 23. b4 axb4 24. Qb2 Ree8 25. Qxb4 Qxb4 26. Rxb4 Ra8 27. Bf1
Ra5 28. Bb5 Rea8 29. Rab1 Kg7 30. Rd4 h5 31. h4 Kf6 32. Kg2 1/2-1/2

[Event "18. Obert Int. Sant Marti 2016"]
[Site "Barcelona ESP"]
[Date "2016.07.18"]
[Round "6.45"]
[White "Parnali, S Dharia"]
[Black "Castillo Dalmau, Albert"]
[Result "1-0"]
[WhiteElo "2161"]
[BlackElo "1998"]
[PlyCount "95"]
[EventDate "2016.07.13"]
[EventType "swiss"]
[EventRounds "9"]
[EventCountry "ESP"]
[SourceTitle "Ajedrez en Madrid"]
[Source "lmi"]
[SourceDate "2016.07.13"]
[SourceVersion "1"]
[SourceVersionDate "2019.06.21"]
[SourceQuality "1"]

1. d4 Nf6 2. c4 e6 3. g3 Bb4+ 4. Bd2 Qe7 5. Bg2 Nc6 6. Nf3 Bxd2+ 7. Nbxd2 O-O
8. O-O d6 9. e4 a5 10. d5 Nb8 11. e5 dxe5 12. Nxe5 exd5 13. Re1 Qd8 14. cxd5
Nxd5 15. Qb3 c6 16. Rad1 a4 17. Qa3 Be6 18. Ne4 Na6 19. Qxa4 Qc7 20. Qd4 Nab4
21. Ng5 Bf5 22. Be4 c5 23. Qc4 Nb6 24. Qc3 Nxa2 25. Qf3 Bg6 26. Bxb7 Rae8 27.
Nxg6 hxg6 28. Be4 Nb4 29. Qg4 N6d5 30. Bxd5 Rxe1+ 31. Rxe1 Nxd5 32. Qc4 Nf6 33.
b4 Rd8 34. bxc5 Nh7 35. Nf3 Nf6 36. c6 Rd6 37. Ra1 Rd8 38. Rb1 Ne8 39. Rb7 Nd6
40. Rxc7 Nxc4 41. Rd7 Re8 42. c7 Nb6 43. Rd8 Kf8 44. Ne5 Nc8 45. f4 Na7 46. Rd7
Re7 47. Rxe7 Kxe7 48. Nc6+ 1-0

[Event "18. Obert Int. Sant Marti 2016"]
[Site "Barcelona ESP"]
[Date "2016.07.18"]
[Round "6.46"]
[White "Prieto, Ernesto"]
[Black "Gavrish, Leonid"]
[Result "0-1"]
[WhiteElo "2064"]
[BlackElo "2158"]
[PlyCount "56"]
[EventDate "2016.07.13"]
[EventType "swiss"]
[EventRounds "9"]
[EventCountry "ESP"]
[SourceTitle "Ajedrez en Madrid"]
[Source "lmi"]
[SourceDate "2016.07.13"]
[SourceVersion "1"]
[SourceVersionDate "2019.06.21"]
[SourceQuality "1"]

1. e4 d6 2. d4 Nf6 3. Nc3 g6 4. Bg5 h6 5. Be3 Ng4 6. Bc1 Bg7 7. f3 Nf6 8. Be3
c6 9. Qd2 b5 10. O-O-O Nbd7 11. e5 b4 12. Ne4 Nd5 13. exd6 f5 14. Nc5 Nxc5 15.
dxc5 Qa5 16. Bc4 Bc3 17. Qd3 Ba6 18. Bd4 e5 19. Bxc3 bxc3 20. bxc3 Nxc3 21. d7+
Kd8 22. Qd6 Bxc4 23. Qf6+ Kc7 24. Qxe5+ Kb7 25. Rd4 Nxa2+ 26. Kd1 Nc3+ 27. Kc1
Bd5 28. Ne2 Nxe2+ 0-1

[Event "18. Obert Int. Sant Marti 2016"]
[Site "Barcelona ESP"]
[Date "2016.07.18"]
[Round "6.47"]
[White "Likhit, Chilukuri"]
[Black "Snehal, Bhosale"]
[Result "0-1"]
[WhiteElo "2030"]
[BlackElo "2150"]
[PlyCount "92"]
[EventDate "2016.07.13"]
[EventType "swiss"]
[EventRounds "9"]
[EventCountry "ESP"]
[SourceTitle "Ajedrez en Madrid"]
[Source "lmi"]
[SourceDate "2016.07.13"]
[SourceVersion "1"]
[SourceVersionDate "2019.06.21"]
[SourceQuality "1"]

1. e4 e5 2. Nf3 Nc6 3. Bc4 Nf6 4. d3 Be7 5. Bb3 d6 6. c3 O-O 7. O-O h6 8. Re1
Nh7 9. h3 Na5 10. Bc2 c5 11. Nbd2 Nc6 12. Nf1 Ng5 13. Bxg5 Bxg5 14. Ne3 Be6 15.
Bb3 Bf6 16. Nh2 g6 17. Rf1 Bg7 18. Nf3 Kh8 19. h4 Bd7 20. h5 f5 21. hxg6 f4 22.
Nd5 Bg4 23. Kh2 Ne7 24. Nxe7 Qxe7 25. Rh1 Qf6 26. Bf7 Rxf7 27. gxf7 Qxf7 28. c4
Rg8 29. Kg1 Bf8 30. Rh2 Kh7 31. Qe2 Qg6 32. Kf1 Be7 33. Ke1 Qe8 34. Kd2 Qa4 35.
b3 Qa3 36. Kc2 Bd8 37. Kb1 Qa5 38. Qd2 Bxf3 39. Qxa5 Bxa5 40. gxf3 Bc3 41. Rh1
Rg2 42. Rf1 Kg6 43. a3 Bxa1 44. Kxa1 h5 45. Kb2 h4 46. Kc3 h3 0-1

[Event "18. Obert Int. Sant Marti 2016"]
[Site "Barcelona ESP"]
[Date "2016.07.18"]
[Round "6.48"]
[White "Valls Marti, Artur"]
[Black "Mulay, Pratik"]
[Result "1/2-1/2"]
[WhiteElo "2133"]
[BlackElo "1983"]
[PlyCount "105"]
[EventDate "2016.07.13"]
[EventType "swiss"]
[EventRounds "9"]
[EventCountry "ESP"]
[SourceTitle "Ajedrez en Madrid"]
[Source "lmi"]
[SourceDate "2016.07.13"]
[SourceVersion "1"]
[SourceVersionDate "2019.06.21"]
[SourceQuality "1"]

1. e4 e6 2. d4 d5 3. Bd3 dxe4 4. Bxe4 Nf6 5. Bf3 c5 6. Ne2 Nc6 7. Be3 cxd4 8.
Nxd4 Nxd4 9. Qxd4 Qxd4 10. Bxd4 Bd6 11. Nc3 a6 12. O-O-O O-O 13. g3 Be7 14. Na4
Nd7 15. Rhe1 Rb8 16. Nb6 Nxb6 17. Bxb6 f6 18. Bc7 Ra8 19. Bd6 Kf7 20. Re3 Rd8
21. Bxe7 Rxd1+ 22. Kxd1 Kxe7 23. a4 Rb8 24. a5 b5 25. Rc3 Kd7 26. Rd3+ Ke7 27.
Be4 Bb7 28. Bxb7 Rxb7 29. Kc1 Rc7 30. b3 Rc5 31. Kb2 e5 32. c3 f5 33. Ka3 g5
34. Kb4 Rc6 35. c4 bxc4 36. bxc4 f4 37. gxf4 gxf4 38. Rh3 h6 39. c5 e4 40. Kc4
Re6 41. Kd4 Kd7 42. Rb3 Kc7 43. Rb2 e3 44. Re2 Kc6 45. fxe3 fxe3 46. h4 Re8 47.
h5 Rd8+ 48. Kc4 Rd5 49. Rxe3 Rxc5+ 50. Kb4 Rb5+ 51. Ka4 Rxh5 52. Re6+ Kb7 53.
Re7+ 1/2-1/2

[Event "18. Obert Int. Sant Marti 2016"]
[Site "Barcelona ESP"]
[Date "2016.07.18"]
[Round "6.49"]
[White "Ojas, Kulkarni"]
[Black "Martin Capitan, Feliciano"]
[Result "1-0"]
[WhiteElo "2006"]
[BlackElo "2124"]
[PlyCount "57"]
[EventDate "2016.07.13"]
[EventType "swiss"]
[EventRounds "9"]
[EventCountry "ESP"]
[SourceTitle "Ajedrez en Madrid"]
[Source "lmi"]
[SourceDate "2016.07.13"]
[SourceVersion "1"]
[SourceVersionDate "2019.06.21"]
[SourceQuality "1"]

1. d4 d5 2. c4 e6 3. Nc3 Bb4 4. cxd5 exd5 5. Bf4 Nf6 6. e3 O-O 7. Bd3 Bxc3+ 8.
bxc3 c5 9. Ne2 Re8 10. Ng3 Qa5 11. O-O Nbd7 12. Nf5 c4 13. Bc2 Ne4 14. Bxe4
dxe4 15. Nd6 Re6 16. Nxc4 Qd5 17. Qb3 Qh5 18. Nd6 Nb6 19. a4 Bd7 20. a5 Nd5 21.
Qxb7 Rd8 22. Bg3 Nxc3 23. Qc7 Ne2+ 24. Kh1 Qg5 25. Nb7 Nxg3+ 26. fxg3 Rde8 27.
Qxd7 R6e7 28. Qa4 Qxe3 29. Nd6 1-0

[Event "18. Obert Int. Sant Marti 2016"]
[Site "Barcelona ESP"]
[Date "2016.07.18"]
[Round "6.50"]
[White "Afshar, Niusha"]
[Black "Tahay, Alexis"]
[Result "0-1"]
[WhiteElo "1971"]
[BlackElo "2119"]
[PlyCount "66"]
[EventDate "2016.07.13"]
[EventType "swiss"]
[EventRounds "9"]
[EventCountry "ESP"]
[SourceTitle "Ajedrez en Madrid"]
[Source "lmi"]
[SourceDate "2016.07.13"]
[SourceVersion "1"]
[SourceVersionDate "2019.06.21"]
[SourceQuality "1"]

1. e4 c5 2. c3 Nf6 3. e5 Nd5 4. d4 cxd4 5. Nf3 e6 6. cxd4 d6 7. Bd3 Be7 8. Nc3
Nxc3 9. bxc3 Qc7 10. Qc2 h6 11. Bd2 b6 12. Bf4 Nd7 13. Be4 Rb8 14. O-O Bb7 15.
exd6 Bxd6 16. Bd2 Bf4 17. Bxf4 Qxf4 18. Rfe1 O-O 19. Bxb7 Rxb7 20. Re4 Qf5 21.
Qe2 Rc7 22. Rc1 Rfc8 23. Re3 Nf6 24. Ne5 Nd5 25. g4 Qg5 26. h4 Qxh4 27. Rf3
Nxc3 28. Rcxc3 Rxc3 29. Rxf7 Rc1+ 30. Kg2 Qh1+ 31. Kg3 Rg1+ 32. Kf4 g5+ 33. Ke3
Re1 0-1

[Event "18. Obert Int. Sant Marti 2016"]
[Site "Barcelona ESP"]
[Date "2016.07.18"]
[Round "6.51"]
[White "Martin Perez, Laura"]
[Black "Noordhoek, Henk"]
[Result "1/2-1/2"]
[WhiteElo "2104"]
[BlackElo "1976"]
[PlyCount "62"]
[EventDate "2016.07.13"]
[EventType "swiss"]
[EventRounds "9"]
[EventCountry "ESP"]
[SourceTitle "Ajedrez en Madrid"]
[Source "lmi"]
[SourceDate "2016.07.13"]
[SourceVersion "1"]
[SourceVersionDate "2019.06.21"]
[SourceQuality "1"]

1. e4 Nf6 2. e5 Nd5 3. d4 d6 4. Nf3 g6 5. Bc4 Nb6 6. Bb3 Bg7 7. Ng5 e6 8. Qf3
Qe7 9. Ne4 dxe5 10. dxe5 N8d7 11. Bg5 Qb4+ 12. Nbc3 h6 13. Bf6 O-O 14. O-O-O
Nxe5 15. Qf4 Qa5 16. Nd5 exd5 17. Bxg7 Kxg7 18. Qf6+ Kg8 19. Rxd5 Ng4 20. Rxa5
Nxf6 21. Nxf6+ Kg7 22. Ne4 Bd7 23. Nc3 Bc6 24. f3 Rfe8 25. Rd1 a6 26. h4 h5 27.
Rc5 Re7 28. a4 Rae8 29. Kb1 Re1 30. Kc1 R1e7 31. Kb1 Re1 1/2-1/2

[Event "18. Obert Int. Sant Marti 2016"]
[Site "Barcelona ESP"]
[Date "2016.07.18"]
[Round "6.52"]
[White "Perez Garcia, Adria"]
[Black "Ginesta Caballero, Olga Lucia"]
[Result "1-0"]
[WhiteElo "1984"]
[BlackElo "2088"]
[PlyCount "95"]
[EventDate "2016.07.13"]
[EventType "swiss"]
[EventRounds "9"]
[EventCountry "ESP"]
[SourceTitle "Ajedrez en Madrid"]
[Source "lmi"]
[SourceDate "2016.07.13"]
[SourceVersion "1"]
[SourceVersionDate "2019.06.21"]
[SourceQuality "1"]

1. e4 c5 2. c3 g6 3. d4 cxd4 4. cxd4 d5 5. Nc3 dxe4 6. Bc4 Bg7 7. Qb3 e6 8. d5
Nf6 9. dxe6 fxe6 10. Bxe6 Bxe6 11. Qxe6+ Qe7 12. Qc8+ Kf7 13. Qc4+ Qe6 14.
Qxe6+ Kxe6 15. Nh3 Nc6 16. Ng5+ Kf5 17. O-O Rhe8 18. f3 e3 19. Nge4 e2 20. Ng3+
Ke6 21. Ngxe2 Rad8 22. Bf4 Kf7 23. Rad1 Nd5 24. Ne4 Nxf4 25. Nxf4 Bd4+ 26. Kh1
h6 27. Ne2 Bf6 28. N2c3 Bxc3 29. Nxc3 Nb4 30. Kg1 Nd3 31. Rd2 Nf4 32. Rxd8 Rxd8
33. Rd1 Ne2+ 34. Kf2 Rxd1 35. Nxd1 Nc1 36. a3 Nd3+ 37. Ke3 Ne5 38. Kd4 Ke6 39.
Nf2 Nc6+ 40. Ke4 Na5 41. Nd3 b6 42. Kd4 Nc6+ 43. Kc4 Ne7 44. Kb5 Kd5 45. Nb4+
Kd6 46. Ka6 Nc8 47. Kb7 Kd7 48. Nd3 1-0

[Event "18. Obert Int. Sant Marti 2016"]
[Site "Barcelona ESP"]
[Date "2016.07.18"]
[Round "6.53"]
[White "Rakshitta, Ravi"]
[Black "Hapala, Elisabeth"]
[Result "1/2-1/2"]
[WhiteElo "1716"]
[BlackElo "2222"]
[PlyCount "78"]
[EventDate "2016.07.13"]
[EventType "swiss"]
[EventRounds "9"]
[EventCountry "ESP"]
[SourceTitle "Ajedrez en Madrid"]
[Source "lmi"]
[SourceDate "2016.07.13"]
[SourceVersion "1"]
[SourceVersionDate "2019.06.21"]
[SourceQuality "1"]

1. e4 c5 2. Nc3 Nc6 3. Bb5 Nd4 4. Bc4 e6 5. Nf3 Nf6 6. e5 Ng4 7. Nxd4 Nxe5 8.
Nxe6 dxe6 9. Qe2 Nxc4 10. Qxc4 Bd7 11. Qg4 Bc6 12. O-O h5 13. Qe2 h4 14. h3 Bd6
15. Ne4 Bc7 16. d3 Qd5 17. c4 Qf5 18. Be3 Bxe4 19. dxe4 Qxe4 20. Rad1 Rd8 21.
Rxd8+ Bxd8 22. Rd1 Bc7 23. Qe1 b6 24. b4 O-O 25. bxc5 Qxc4 26. cxb6 Bxb6 27.
Bxb6 axb6 28. Qe3 b5 29. Qe5 Ra8 30. Rb1 b4 31. Qd6 Rxa2 32. Rxb4 Qc1+ 33. Kh2
Qg5 34. Rg4 Rd2 35. Qb8+ Rd8 36. Qc7 Qd5 37. Qc3 Qd6+ 38. Kg1 Qd1+ 39. Kh2 Qd6+
1/2-1/2

[Event "18. Obert Int. Sant Marti 2016"]
[Site "Barcelona ESP"]
[Date "2016.07.18"]
[Round "6.54"]
[White "Suasnabar, Jesus"]
[Black "Chung, Mathilde"]
[Result "1-0"]
[WhiteElo "1982"]
[BlackElo "2169"]
[PlyCount "155"]
[EventDate "2016.07.13"]
[EventType "swiss"]
[EventRounds "9"]
[EventCountry "ESP"]
[SourceTitle "Ajedrez en Madrid"]
[Source "lmi"]
[SourceDate "2016.07.13"]
[SourceVersion "1"]
[SourceVersionDate "2019.06.21"]
[SourceQuality "1"]

1. e4 d5 2. exd5 Qxd5 3. Nf3 Nf6 4. d4 g6 5. Be2 Bg7 6. O-O O-O 7. c4 Qd6 8.
Nc3 Bg4 9. Be3 a6 10. Qd2 Nc6 11. Bf4 Qd7 12. d5 Bxf3 13. Bxf3 Na7 14. Rfe1
Rfe8 15. Re2 c6 16. Rae1 Rad8 17. Qe3 b5 18. Rd2 b4 19. Na4 cxd5 20. Nb6 d4 21.
Qd3 Qf5 22. Qxf5 gxf5 23. Bc7 e6 24. Bxd8 Rxd8 25. Na4 Nd7 26. Bb7 a5 27. f4
Nb8 28. Nc5 Nac6 29. Nd3 Kf8 30. b3 Ke7 31. Rde2 Rd7 32. Ba8 Ra7 33. Bxc6 Nxc6
34. Kf2 Nd8 35. Ne5 f6 36. Nf3 Rd7 37. Rd1 Nc6 38. Rde1 Nd8 39. Rd1 Nc6 40.
Rde1 Nd8 41. Nh4 Kf7 42. Rd2 Bh6 43. g3 Bf8 44. Ke2 Nb7 45. Kf3 Bc5 46. Rd3 Nd6
47. Re2 Re7 48. g4 fxg4+ 49. Kxg4 e5 50. Nf5 Re6 51. Nxd6+ Bxd6 52. Kf5 Re8 53.
fxe5 fxe5 54. Ke4 Ke6 55. Rh3 Re7 56. Rh6+ Kd7 57. Kd5 Bc7 58. Ke4 Rf7 59. Rd2
Re7 60. c5 Rf7 61. c6+ Kc8 62. Rg2 Kd8 63. Re6 Rf4+ 64. Kd5 Rf8 65. Rg7 d3 66.
Rd7+ Kc8 67. Kc4 Rd8 68. Rxd8+ Bxd8 69. Kxd3 Kc7 70. Ke4 Kb6 71. Kxe5 Bc7+ 72.
Kd5 Bxh2 73. Rh6 Bf4 74. Rxh7 Bg3 75. Rb7+ Ka6 76. Ke6 Be1 77. Kd7 Bg3 78. c7
1-0

[Event "18. Obert Int. Sant Marti 2016"]
[Site "Barcelona ESP"]
[Date "2016.07.18"]
[Round "6.55"]
[White "Garcia Marin, Guillem"]
[Black "Fabregas Fontanet, Antonio"]
[Result "1-0"]
[WhiteElo "2116"]
[BlackElo "1969"]
[PlyCount "37"]
[EventDate "2016.07.13"]
[EventType "swiss"]
[EventRounds "9"]
[EventCountry "ESP"]
[SourceTitle "Ajedrez en Madrid"]
[Source "lmi"]
[SourceDate "2016.07.13"]
[SourceVersion "1"]
[SourceVersionDate "2019.06.21"]
[SourceQuality "1"]

1. e4 g6 2. d4 Bg7 3. Nc3 d6 4. Bg5 c6 5. Qd2 Qa5 6. f4 b5 7. Nf3 Bg4 8. Be2
Nf6 9. h3 b4 10. Bxf6 Bxf6 11. hxg4 bxc3 12. Qxc3 Qb6 13. e5 dxe5 14. dxe5 Bg7
15. O-O-O O-O 16. Bc4 Na6 17. Ng5 h6 18. Qd3 Nc5 19. Qxg6 1-0

[Event "18. Obert Int. Sant Marti 2016"]
[Site "Barcelona ESP"]
[Date "2016.07.18"]
[Round "6.56"]
[White "Kakumanu, Kautil"]
[Black "Molinero Martin, Joan"]
[Result "1-0"]
[WhiteElo "1956"]
[BlackElo "1995"]
[PlyCount "69"]
[EventDate "2016.07.13"]
[EventType "swiss"]
[EventRounds "9"]
[EventCountry "ESP"]
[SourceTitle "Ajedrez en Madrid"]
[Source "lmi"]
[SourceDate "2016.07.13"]
[SourceVersion "1"]
[SourceVersionDate "2019.06.21"]
[SourceQuality "1"]

1. e4 e5 2. Nf3 Nc6 3. Bb5 Bc5 4. O-O d6 5. c3 a6 6. Ba4 b5 7. Bb3 Bb6 8. a4
Na5 9. Bc2 Bg4 10. h3 Bh5 11. b4 Nb7 12. g4 Bg6 13. d4 f6 14. dxe5 dxe5 15.
axb5 Qxd1 16. Rxd1 Nd6 17. bxa6 Bxe4 18. Bxe4 Nxe4 19. Be3 Bxe3 20. fxe3 h5 21.
g5 Ne7 22. Ra3 h4 23. Nbd2 Ng3 24. Nf1 Nef5 25. c4 e4 26. Nd4 O-O-O 27. Nxg3
Nxg3 28. Rda1 fxg5 29. Ne6 Rde8 30. a7 Kb7 31. Nxc7 Ra8 32. Nxa8 Rxa8 33. b5 g4
34. b6 Ne2+ 35. Kf2 1-0

[Event "18. Obert Int. Sant Marti 2016"]
[Site "Barcelona ESP"]
[Date "2016.07.18"]
[Round "6.57"]
[White "Molano Lafuente, Ismael"]
[Black "Magallanes, Gustavo"]
[Result "0-1"]
[WhiteElo "1940"]
[BlackElo "1989"]
[PlyCount "72"]
[EventDate "2016.07.13"]
[EventType "swiss"]
[EventRounds "9"]
[EventCountry "ESP"]
[SourceTitle "Ajedrez en Madrid"]
[Source "lmi"]
[SourceDate "2016.07.13"]
[SourceVersion "1"]
[SourceVersionDate "2019.06.21"]
[SourceQuality "1"]

1. c4 Nf6 2. b3 g6 3. Bb2 Bg7 4. g3 O-O 5. Bg2 c5 6. Nc3 Nc6 7. Nd5 Rb8 8.
Nxf6+ exf6 9. h4 d6 10. h5 Be6 11. e4 b5 12. Ne2 bxc4 13. Nf4 Qd7 14. hxg6 fxg6
15. Qe2 cxb3 16. a3 Ne5 17. O-O-O Nc4 18. Nxe6 Qxe6 19. Qd3 Nxb2 20. Kxb2 f5+
21. Kb1 Qe5 22. Qd5+ Qxd5 23. exd5 Rfe8 24. Rhe1 Kf7 25. f3 h5 26. Bf1 Be5 27.
g4 hxg4 28. fxg4 fxg4 29. Re4 g3 30. Bd3 g5 31. Rg4 Bf4 32. Rf1 Kf6 33. Rxg3
Ke5 34. Rgf3 Kxd5 35. Bg6 c4 36. Bxe8 Rxe8 0-1

[Event "18. Obert Int. Sant Marti 2016"]
[Site "Barcelona ESP"]
[Date "2016.07.18"]
[Round "6.58"]
[White "Sapale, Saloni"]
[Black "Scalzi Evans, Federico"]
[Result "1-0"]
[WhiteElo "1929"]
[BlackElo "2050"]
[PlyCount "77"]
[EventDate "2016.07.13"]
[EventType "swiss"]
[EventRounds "9"]
[EventCountry "ESP"]
[SourceTitle "Ajedrez en Madrid"]
[Source "lmi"]
[SourceDate "2016.07.13"]
[SourceVersion "1"]
[SourceVersionDate "2019.06.21"]
[SourceQuality "1"]

1. e4 e6 2. d4 d5 3. Nc3 Bb4 4. e5 Ne7 5. a3 Bxc3+ 6. bxc3 b6 7. Qg4 Ng6 8. h4
h5 9. Qd1 Ba6 10. Bxa6 Nxa6 11. Bg5 Qd7 12. Ne2 Qa4 13. O-O Ne7 14. Nf4 g6 15.
Bf6 Rg8 16. Nh3 Nf5 17. Qd3 c5 18. Rfd1 Rc8 19. Nf4 cxd4 20. cxd4 Rc4 21. c3
Kd7 22. Ne2 Nb8 23. f3 Nc6 24. g4 hxg4 25. fxg4 Nfe7 26. Rf1 Nd8 27. Kh1 Qa6
28. a4 Qc8 29. Rf3 Nec6 30. h5 gxh5 31. gxh5 Rg4 32. h6 Nxe5 33. Bxe5 f5 34.
Rg3 Rh4+ 35. Rh3 Rg4 36. h7 Nf7 37. h8=Q Nxh8 38. Rxh8 Qc6 39. Qh3 1-0

[Event "18. Obert Int. Sant Marti 2016"]
[Site "Barcelona ESP"]
[Date "2016.07.18"]
[Round "6.59"]
[White "Ferre Campos, Josep"]
[Black "Varela Cuadrado, Cesar"]
[Result "1-0"]
[WhiteElo "1970"]
[BlackElo "1753"]
[PlyCount "119"]
[EventDate "2016.07.13"]
[EventType "swiss"]
[EventRounds "9"]
[EventCountry "ESP"]
[SourceTitle "Ajedrez en Madrid"]
[Source "lmi"]
[SourceDate "2016.07.13"]
[SourceVersion "1"]
[SourceVersionDate "2019.06.21"]
[SourceQuality "1"]

1. d4 Nf6 2. c4 g6 3. Nf3 Bg7 4. Nc3 O-O 5. e4 d6 6. Be2 e5 7. dxe5 dxe5 8.
Qxd8 Rxd8 9. Bg5 Re8 10. O-O-O c6 11. Rd6 Nbd7 12. Rhd1 h6 13. Bh4 g5 14. Bg3
Bf8 15. R6d2 Bb4 16. Bd3 g4 17. Ne1 Nc5 18. f3 Nh5 19. Be2 Nxg3 20. hxg3 Be6
21. Kc2 f5 22. Nd3 fxe4 23. Nxb4 a5 24. Nbd5 cxd5 25. cxd5 Bf5 26. fxe4 Nxe4
27. Nxe4 Bxe4+ 28. Kb3 h5 29. Bb5 Red8 30. Re1 Bxd5+ 31. Rxd5 Rxd5 32. Bc4 Rad8
33. Rxe5 Kg7 34. Rxd5 Re8 35. Rxh5 Re3+ 36. Ka4 Rxg3 37. Bd5 b6 38. Re5 Rd3 39.
Bc4 Rd4 40. b3 Rd2 41. Re2 Rd4 42. Kb5 Rd6 43. Re7+ Kf8 44. Rf7+ Ke8 45. Rg7
Rd2 46. Rxg4 Rxa2 47. Kxb6 Ke7 48. Bb5 Rb2 49. Ba4 Rd2 50. Kxa5 Rd6 51. b4 Kd8
52. Rc4 Rg6 53. g4 Rg5+ 54. b5 Ke7 55. Ka6 Kd6 56. b6 Kd5 57. Bb5 Rg6 58. Ka7
Rg7+ 59. b7 Re7 60. Ka8 1-0